| 000 | 00740nam a2200229 i 4500 | ||
|---|---|---|---|
| 001 | 49395 | ||
| 003 | ES-MaACL | ||
| 005 | 20250809062548.0 | ||
| 007 | t| | ||
| 008 | 030715m19411942sp ||||1| spa d | ||
| 100 | 1 |
_aCorts Grau, José. _940959 |
|
| 245 | 1 | 0 |
_aFilosofía del derecho / _cJosé Corts Grau. |
| 260 |
_a[Madrid] : _bEscorial, _c1941-1942 ( _fSilverio Aguirre) |
||
| 300 |
_a2 v. ; _c21 cm. |
||
| 490 | 1 | _aIdea. Serie española | |
| 500 | _aT. II y III faltan. | ||
| 505 | 8 | _aContiene: T. I: Introducción gnoscológica ; T. IV: Historia hasta el siglo XIII | |
| 650 | 4 |
_aDerecho- _xFilosofía _911620 |
|
| 830 | 0 |
_aIdea. Serie española _9182267 |
|
| 852 |
_aES-MaACL _jP-888-bis _bR.18850 |
||
| 999 |
_c49395 _d49395 |
||